[Event "Penang op 10th"]
[Site "Penang"]
[Date "2018.12.04"]
[Round "2"]
[White "Ong, Yi Herng Joel"]
[Black "Sreenivasan, Brandon Tien"]
[Result "1-0"]
[WhiteElo "1801"]
[BlackElo "1493"]
[PlyCount "62"]
[EventDate "2018.12.03"]
[EventType "swiss"]
[EventRounds "9"]
[EventCountry "MAS"]
[SourceTitle "CBM 187 Extra"]
[Source "ChessBase"]
[SourceDate "2018.11.04"]
[SourceVersion "1"]
[SourceVersionDate "2018.11.04"]
[SourceQuality "1"]

1. d4 d5 2. Nf3 e6 3. c4 Nf6 4. Nc3 Be7 5. Bg5 0-0 6. e3 Nbd7 7. Qc2 c5 8. cxd5 Nxd5 9. Bxe7 Qxe7 10. Nxd5 exd5 11. Bd3 h6 12. dxc5 Nxc5 13. 0-0 Be6 14. Rfd1 Rac8 15. Qe2 Qf6 16. Nd4 a6 17. a4 Bd7 18. a5 Ba4 19. Re1 Bb3 20. Rec1 Nxd3 21. Qxd3 Bc4 22. Qd2 Bb5 23. Nxb5 axb5 24. Qb4 Qa6 25. Rc5 Rxc5 26. Qxc5 Qc6 27. Rc1 Qa6 28. b4 Rd8 29. Qc7 Qa8 30. Qc5 Qa6 31. h3 g6 1-0